Our Sun (Record no. 580)

MARC details
000 -LEADER
fixed length control field 00440nam a2200169Ia 4500
003 - CONTROL NUMBER IDENTIFIER
control field IN-BaIIA
008 - FIXED-LENGTH DATA ELEMENTS--GENERAL INFORMATION
fixed length control field 211028s9999 xx 000 0 eng d
040 ## - CATALOGING SOURCE
Transcribing agency IIA Library
080 ## - UNIVERSAL DECIMAL CLASSIFICATION NUMBER
Universal Decimal Classification number 523.9
Item number MEN
100 ## - MAIN ENTRY--PERSONAL NAME
Personal name Menzel, Donald H.
9 (RLIN) 1294
245 #0 - TITLE STATEMENT
Title Our Sun
Statement of responsibility, etc. Donald H. Menzel
260 ## - PUBLICATION, DISTRIBUTION, ETC.
Place of publication, distribution, etc. London
Name of publisher, distributor, etc. J & A Churchill
Date of publication, distribution, etc. 1949
300 ## - PHYSICAL DESCRIPTION
Extent viii, 326p.
650 ## - SUBJECT ADDED ENTRY--TOPICAL TERM
Topical term or geographic name entry element Astronomy and Astrophysics Thesaurus
650 ## - SUBJECT ADDED ENTRY--TOPICAL TERM
Topical term or geographic name entry element Sun
9 (RLIN) 1200
942 ## - ADDED ENTRY ELEMENTS (KOHA)
Koha item type Books
Holdings
Withdrawn status Lost status Damaged status Not for loan Home library Current library Shelving location Date acquired Cost, normal purchase price Total Checkouts Full call number Barcode Date last seen Cost, replacement price Price effective from Koha item type Purchase Price
        IIA Library-Bangalore IIA Library-Kodaikanal General Stacks   22.50   523.9/ MEN 601 05/11/2021 22.50   Books Rs. 22.50

Powered by Koha